Normal view
MARC view
Entry Meeting Name
001 - CONTROL NUMBER
- control field: 14404
003 - CONTROL NUMBER IDENTIFIER
- control field: OSt
005 - DATE AND TIME OF LATEST TRANSACTION
- control field: 20211105133809.0
008 - FIXED-LENGTH DATA ELEMENTS
- fixed length control field: 211105|| aca||aabn | a|a d
040 ## - CATALOGING SOURCE
- Original cataloging agency: OSt
- Transcribing agency: OSt
111 ## - HEADING--MEETING NAME
- Number of part/section/meeting: 56th
- Location of meeting: Old Australia
- Date of meeting or treaty signing: 1973 Sep. 3-7
670 ## - SOURCE DATA FOUND
- Source citation: Work cat.: (OSt): Athay, Grant R 7908, Chromospheric Fine Structure, 1974